مكتبة جامعة عجلون الوطنية

فهرس بحث المكتبة

حرية التعبير الصحفي في ظل الأنظمة السياسية العربية: دراسة تحليلية مقارنة للصحف والقوانين السودانية والأردنية في الفترة من 1989م - 1999م (Record no. 17223)

MARC details
000 -LEADER
fixed length control field 00995nam a2200229Ii 4500
003 - CONTROL NUMBER IDENTIFIER
control field JO-AjNU
008 - FIXED-LENGTH DATA ELEMENTS--GENERAL INFORMATION
fixed length control field 230605s9999||||xx |||||||||||||| ||und||
017 ## - COPYRIGHT OR LEGAL DEPOSIT NUMBER
Copyright or legal deposit number 2003/8/1791
020 ## - INTERNATIONAL STANDARD BOOK NUMBER
International Standard Book Number 9957-02-128-1
040 ## - CATALOGING SOURCE
Original cataloging agency JO-AjNU
Language of cataloging ara
Description conventions rda
Transcribing agency JO-AjNU
041 ## - LANGUAGE CODE
Language code of text/sound track or separate title ara
050 14 - LIBRARY OF CONGRESS CALL NUMBER
Classification number PN4748.A65.Y3622 2003
100 3# - MAIN ENTRY--PERSONAL NAME
Personal name إعداد يعقوب، عبد الحليم موسى,
Relator term author
9 (RLIN) 33524
245 00 - TITLE STATEMENT
Title حرية التعبير الصحفي في ظل الأنظمة السياسية العربية: دراسة تحليلية مقارنة للصحف والقوانين السودانية والأردنية في الفترة من 1989م - 1999م
250 ## - EDITION STATEMENT
Edition statement ط1
264 31 - PRODUCTION, PUBLICATION, DISTRIBUTION, MANUFACTURE, AND COPYRIGHT NOTICE
Place of production, publication, distribution, manufacture عمان: دار مجدلاوي للنشر والتوزيع، 2003
300 ## - PHYSICAL DESCRIPTION
Extent 376ص
336 ## - CONTENT TYPE
Content type term text
Content type code txt
Source rdacontent
337 ## - MEDIA TYPE
Media type term unmediated
Media type code n
Source rdamedia
338 ## - CARRIER TYPE
Carrier type term volume
Carrier type code nc
Source rdacarrier
650 #4 - SUBJECT ADDED ENTRY--TOPICAL TERM
Topical term or geographic name entry element الصحافة - حرية الصحافة - حرية الإعلام - حرية التعبير
9 (RLIN) 33525
Holdings
Withdrawn status Lost status Source of classification or shelving scheme Damaged status Not for loan Home library Current library Shelving location Date acquired Total Checkouts Full call number Barcode Date last seen Price effective from Koha item type
    Library of Congress Classification     مكتبة جامعة عجلون الوطنية مكتبة جامعة عجلون الوطنية المجموعات العامة 06/06/2023   PN4748.A65.Y3622 2003 A13655 06/06/2023 06/06/2023 Books